Thai Province Flags Quiz #1 - Statistics

General Stats
  • This quiz has been taken 192 times
  • The average score is 8 of 11
Answer Stats
Picture Answer % Correct
Bangkok
96%
Chiang Mai
80%
Chiang Rai
72%
Buriram
68%
Chanthaburi
68%
Bueng Kan
67%
Ang Thong
65%
Chaiyaphum
65%
Chachoengsao
63%
Chai Nat
62%
Amnat Charoen
61%
No matching quizzes found
Score Distribution
Percent of People with Each Score
Percentile by Number Answered
Your Score History
You have not taken this quiz